000 00862nas a2200289 4500
001 BR8905238
003 BR-BrBNA
005 20231205091741.0
007 ta
008 230509b bl.|||p| |||| 00| 00por d
040 _aBR-BrBNA
_bpor
_cBiblioteca Nacional de Agricultura
041 _a(Pt)
072 _aF04
100 1 _aLeite, V.B. de O.
100 1 _aMonteiro, F.A.
100 1 _aWerner, J.C.
100 1 _aMattos, H.B. de
100 1 _aLiem, T.H.
245 1 _aUtilizacao de gesso e da associacao fosfato natural + gesso em capim-coloniao cultivado em solo de cerrado
650 _aCAPIM COLONIAO
650 _aGESSO
650 _aFOSFATO DE ROCHA
650 _aCERRADO
773 0 _tZootecnia (Brazil)
_xISSN 0044-5320
_g(Jul-Sep 1986), v. 24(3) p. 319-348
_wBR8905238
909 _a202311
_bLúcia
_c55
_dLúcia Elande
942 _2AGRIS
_n0
_cANA
999 _c127102
_d127102